El sapito delincuente / (Registro nro. 7789)

Detalles MARC
000 -LIDER
fixed length control field 00668nam a2200229 a 4500
001 - NÚMERO DE CONTROL
Identificador de número de control 000044501
003 - IDENTIFICACDOR DE NÚMERO DE CONTROL
control field DO-SdBNP
005 - DATE AND TIME OF LATEST TRANSACTION
control field 20180327133048.0
007 - CAMPOS FIJOS DE DESCRIPCIÓN FÍSICA
fixed length control field 000044501
008 - ELEMENTOS DE LONGITUD FIJA
fixed length control field 140703s2007 dr a 000 0 spa d
020 ## - ISBN
International Standard Book Number 9789945160871
040 ## - FUENTE DE CATALOGACIÓN
Agencia que crea de manera original el registro BPMET
Idioma de catalogación spa
Agencia que realiza la transcripción BPMET
092 ## - LOCALLY ASSIGNED DEWEY DECIMAL CALL NUMBER
Número de clasificación xxxx
Número de ítem (Cutter) xxxx
100 1# - ASIENTO PRINCIPAL -- NOMBRE PERSONAL
Nombre personal Phipps, Miguel
245 13 - MENCIÓN DE TITULO
Título El sapito delincuente /
Mención de responsabilidad Miguel Phipps ; diseño e ilustración Ohanda Coste.
260 ## - PUBLICACIÓN, DISTRIBUCIÓN, ETC. (PIE DE IMPRENTA)
Lugar de publicación, distribución, etc Santo Domingo :
Nombre del editor, distribuidor, etc. De Colores,
Fecha de publicación, distribución, etc 2007.
300 ## - DESCRIPCIÓN FÍSICA
Extensión 20 P. :
Otros detalles físicos il. ;
Dimensiones 28 cm.
700 12 - ASIENTO SECUNDARIO -- NOMBRE PERSONAL
Nombre personal Coste, Ohanda
Mención de responsabilidad il.
942 ## - ADDED ENTRY ELEMENTS (KOHA)
Source of classification or shelving scheme Dewey Decimal Classification
Koha item type Libros
945 ## - INFORMACIÓN DE PROCESAMIENTO LOCAL
Información de procesamiento local Remanejado para la BNPHU / 2018 VM
956 ## - LOCAL ELECTRONIC LOCATION AND ACCESS (OCLC)
Nombre de host VMATEO
Número de acceso 10
Información de compresión 20150505
Inicio de sesión BPMSU
Procesador de solicitud 00151
Existencias
Withdrawn status Lost status Source of classification or shelving scheme Damaged status Not for loan Home library Current library Date acquired Total Checkouts Barcode Date last seen Price effective from Koha item type
    Dewey Decimal Classification     Biblioteca Pública Metropolitana Salomé Ureña Biblioteca Pública Metropolitana Salomé Ureña 05/05/2015   BPMET15051537 05/05/2015 05/05/2015 Libros